000 01004nam a2200217Ia 4500
003 Ost
005 20260507075347.0
008 260507s9999||||xx |||||||||||||| ||und||
020 _a1653799779
040 _cfsecg
041 _aara
100 _aالعدوى، محمد شكرى الجميل
_eمؤلف
245 0 _aالمعاملات الآجلة في بورصة الأوراق المالية :
_bمن منظور الشريعة الإسلامية /
_c محمد شكرى الجميل العدوى
260 _aالإسكندرية:
_bدار الفكر الجامعي,
_c2012
300 _a223 صفحة؛
_bإيضاحات ؛
_c24 سم
520 _aتعريف بورصة الأوراق المالية وأضواء عليها- المعاملات الآجلة في بورصة الأوراق المالية وموقف الفقه الإسلامي منها
653 _aالإقتصاد الإسلامي
653 _aالأوراق المالية
653 _aالبورصات
942 _cكتاب
999 _c44120
_d44120